000 00655nam a22002057a 4500
999 _c17863
_d17863
003 OSt
005 20230126154058.0
008 230126b ||||| |||| 00| 0 eng d
040 _c0
082 _aDPer 370.5 M720 June - December 2017 v66 no. 1-7
100 _aDuremdez, Lorda Dacoco.
_eauthor.
_913945
245 _aNever ignore rabies /
_cLorda Dacoco Duremdez
260 _aPhilippines :
_bPapi Publishers, Inc.,
_cOctober 2017.
300 _avolume 66, page 185.
650 _aRabies.
_947481
650 _aCommunicable diseases.
_947484
650 _aHydrophobia.
_947483
700 _aDuremdez, Lorda Dacoco.
_eauthor.
_913945
942 _2ddc
_cPER